Trasferimenti più costosi - Stagione 2017-2018 - Statistics

Statistiche generali
  • Questo quiz è stato fatto 40 volte
  • Il punteggio medio è 16 su 19
Statistiche sulle risposte
Costo (M €) Da A Nazione Calciatore % Corretto
222 Barcellona Paris Saint-Germain Brasile Neymar
100%
140 Borussia Dortmund Barcellona Francia Ousmane Dembelé
100%
42 Juventus Milan Italia Leonardo Bonucci
97%
42 Roma Liverpool Egitto Mohamed Salah
97%
84,70 Everton Manchester United Belgio Romelu Lukaku
97%
135 Liverpool Barcellona Brasile Philippe Coutinho
94%
84,65 Southamtpon Liverpool Olanda Virgil van Dijk
94%
63,75 Borussia Dortmund Arsenal Francia/Gabon Pierre-Emerick Aubameyang
91%
50 Monaco Manchester City Portogallo Bernardo Silva
83%
60 Chelsea Atletico Madrid Brasile/Spagna Diego Costa
83%
44,70 Chelsea Manchester United Serbia Nemanja Matić
83%
65 Athletic Bilbao Manchester City Spagna Aymeric Laporte
77%
42 Ajax Tottenham Colombia Davinson Sanchez
74%
52,70 Tottenham Manchester City Inghilterra Kyle Walker
74%
53 Olympique Lione Arsenal Francia Alexander Lacazette
71%
66 Real Madrid Chelsea Spagna Alvaro Morata
71%
57,50 Monaco Manchester City Francia Benjamin Mendy
71%
49,40 Swansea City Everton Islanda Gylfi Sigurdsson
71%
41,5 Olympique Lione Bayern Monaco Francia Corentin Tolisso
66%
Nessun quiz corrispondente trovato
Distribuzione punteggi
Percentuale di utenti per punteggio
Percentile per numero di risposta
I tuoi punteggi nel tempo
Non hai fatto questo quiz